Význam a souvislosti americko-ruské smlouvy New start

Snaha amerického prezidenta B. Obamu o dosiahnutie sveta bez jadrových zbraní. Zmena postoja USA k jadrovým zbraniam. Nový štart v americko-ruských vzťahoch: zmluva New start. Naliehavosť jadrovej bezpečnosti.

Salvato in:
Dettagli Bibliografici
Autore principale: Tůma, Miroslav
Natura: Capitolo di libro
Lingua:ceco
Soggetti:
Tags: Aggiungi Tag
Nessun Tag, puoi essere il primo ad aggiungerne!!

MARC

LEADER 00000naa a2200000 4500
001 0122251
005 20231016094146.3
041 0 |a cze 
044 |a CZ 
245 1 0 |a Význam a souvislosti americko-ruské smlouvy New start  |c Miroslav Tůma 
520 |a Snaha amerického prezidenta B. Obamu o dosiahnutie sveta bez jadrových zbraní. Zmena postoja USA k jadrovým zbraniam. Nový štart v americko-ruských vzťahoch: zmluva New start. Naliehavosť jadrovej bezpečnosti. 
610 2 0 |a bezpečnosť medzinárodná 
610 2 0 |a vzťahy medzinárodné 
610 2 0 |a politika medzinárodná 
610 2 0 |a sily ozbrojené 
610 2 0 |a odzbrojenie 
610 2 0 |a zmluvy medzinárodné 
610 2 0 |a USA 
610 2 0 |a Rusko 
100 1 |a Tůma, Miroslav